[Event "Eurasia Cup op"]
[Site "Ekaterinburg"]
[Date "2019.08.05"]
[Round "5"]
[White "Sosnina, Ekaterina"]
[Black "Polosin, Evgeni"]
[Result "0-1"]
[WhiteElo "1800"]
[BlackElo "2153"]
[PlyCount "59"]
[EventDate "2019.07.31"]
[EventType "swiss"]
[EventRounds "9"]
[EventCountry "RUS"]
[SourceTitle "CBM 191 Extra"]
[Source "ChessBase"]
[SourceDate "2019.09.30"]
[SourceVersion "1"]
[SourceVersionDate "2019.09.30"]
[SourceQuality "1"]

1. e4 e5 2. Nf3 Nc6 3. Bb5 Nge7 4. Nc3 Ng6 5. h4 Bc5 6. d3 h5 7. Ng5 Nd4 8. Bc4 Ne6 9. Nd5 c6 10. Nc3 b5 11. Bb3 a5 12. g4 Qf6 13. Be3 Bxe3 14. fxe3 Nxh4 15. Nxe6 dxe6 16. a3 Qg5 17. Qe2 Qxg4 18. 0-0-0 Qxe2 19. Nxe2 g5 20. Rdg1 f6 21. d4 Ng6 22. dxe5 Nxe5 23. Nd4 Ke7 24. Rg2 Bd7 25. c3 c5 26. Ne2 Nd3+ 27. Kc2 c4 28. Ba2 Bc6 29. Ng3 h4 30. Rgh2 0-1

[Event "Eurasia Cup op"]
[Site "Ekaterinburg"]
[Date "2019.08.01"]
[Round "2"]
[White "Sosnina, Ekaterina"]
[Black "Miroshnik, Ekaterina"]
[Result "1-0"]
[WhiteElo "1740"]
[BlackElo "2103"]
[PlyCount "77"]
[EventDate "2019.07.31"]
[EventType "swiss"]
[EventRounds "9"]
[EventCountry "RUS"]
[SourceTitle "CBM 191 Extra"]
[Source "ChessBase"]
[SourceDate "2019.09.30"]
[SourceVersion "1"]
[SourceVersionDate "2019.09.30"]
[SourceQuality "1"]

1. e4 d6 2. d4 Nf6 3. Nc3 Nbd7 4. Nf3 e5 5. g4 exd4 6. Nxd4 Nc5 7. g5 Nfd7 8. b4 Ne6 9. f4 Nxd4 10. Qxd4 c6 11. Be3 h6 12. 0-0-0 hxg5 13. e5 dxe5 14. fxe5 Rh4 15. Ne4 Qb6 16. Bxg5 Qxd4 17. Rxd4 Rh8 18. Bc4 Bxb4 19. Rf1 Rf8 20. Nd6+ Bxd6 21. Rxd6 f6 22. exf6 gxf6 23. Re1+ Kd8 24. Bh6 Re8 25. Red1 Kc7 26. Bf4 Kb6 27. Bg3 Ne5 28. Bf2+ Kc7 29. Be1 Kb6 30. Bf2+ Kc7 31. Bg3 Bg4 32. R1d4 b5 33. Bf7 Nxf7 34. Rxf6+ Kb6 35. Rxg4 Ne5 36. Re4 Nc4 37. Bf2+ Kb7 38. Rf7+ Ka6 39. Rxe8 1-0

[Event "RUS-ch Eurasia Cup op"]
[Site "Ekaterinburg"]
[Date "2018.08.04"]
[Round "4"]
[White "Sosnina, Ekaterina"]
[Black "Popov, Mikhail"]
[Result "0-1"]
[WhiteElo "1921"]
[BlackElo "2401"]
[PlyCount "68"]
[EventDate "2018.08.01"]
[EventType "swiss"]
[EventRounds "9"]
[EventCountry "RUS"]
[SourceTitle "CBM 185 Extra"]
[Source "ChessBase"]
[SourceDate "2018.07.29"]
[SourceVersion "1"]
[SourceVersionDate "2018.07.29"]
[SourceQuality "1"]

1. e4 g6 2. d4 Bg7 3. Nc3 d6 4. h4 h5 5. Nf3 Nf6 6. Ng5 0-0 7. f3 Nc6 8. Be3 e5 9. d5 Ne7 10. Nb5 a6 11. Na3 c6 12. dxc6 bxc6 13. Nc4 d5 14. Bb6 Qd7 15. Nxe5 Qd6 16. Nd3 dxe4 17. fxe4 Ng4 18. Qf3 Bxb2 19. Rb1 Bc3+ 20. Kd1 Bd4 21. Kd2 Bxb6 22. Rxb6 Ne5 23. Qf2 Nc4+ 24. Kc1 Qa3+ 25. Kd1 Bg4+ 26. Be2 Bxe2+ 27. Kxe2 Nxb6 28. Qxb6 Qxa2 29. Qc5 Rae8 30. Rf1 f6 31. Nb4 Qb2 32. Ne6 Rf7 33. Qc4 Nd5 34. Nd3 Qc3 0-1

[Event "EU-ch U14 Girls 27th"]
[Site "Mamaia"]
[Date "2017.09.05"]
[Round "1"]
[White "Peycheva, Gergana"]
[Black "Sosnina, Ekaterina"]
[Result "0-1"]
[WhiteElo "2252"]
[BlackElo "1775"]
[PlyCount "170"]
[EventDate "2017.09.05"]
[EventType "swiss"]
[EventRounds "9"]
[EventCountry "ROU"]
[SourceTitle "CBM 180 Extra"]
[Source "ChessBase"]
[SourceDate "2017.10.06"]
[SourceVersion "1"]
[SourceVersionDate "2017.10.06"]
[SourceQuality "1"]

1. d4 Nf6 2. c4 d6 3. Nc3 e5 4. d5 Be7 5. e4 0-0 6. Nf3 Bg4 7. h3 Bxf3 8. Qxf3 Nfd7 9. Bd3 Bg5 10. 0-0 a5 11. Qe2 Bxc1 12. Raxc1 Qg5 13. g3 Na6 14. Kh2 Nac5 15. Bb1 Qh6 16. f4 exf4 17. gxf4 Rae8 18. Qf3 f5 19. exf5 Re7 20. Rce1 Rfe8 21. Rxe7 Rxe7 22. Nb5 Nf6 23. Nd4 Re3 24. Qg2 Nce4 25. Bxe4 Nxe4 26. Rf3 Re1 27. Ne6 Rd1 28. Re3 Nd2 29. Ng5 Qh5 30. Qe2 Nf1+ 31. Kg2 Rd2 32. Kxf1 Rxe2 33. Rxe2 h6 34. Ne6 Qxh3+ 35. Rg2 c6 36. Kf2 Qxf5 37. Rxg7+ Kh8 38. Rd7 cxd5 39. cxd5 Qxd5 40. Rd8+ Kh7 41. Rd7+ Kg8 42. Nc7 Qc6 43. Ne8 Qc5+ 44. Kg2 Qd5+ 45. Kg3 Qe6 46. Rd8 Kh7 47. Rd7+ Kg8 48. Rd8 Qe7 49. Rb8 Qe3+ 50. Kg4 Qe2+ 51. Kf5 Qc2+ 52. Kf6 Qxb2+ 53. Kg6 Qc2+ 54. f5 Qg2+ 55. Kf6 Qg5+ 56. Ke6 Qe3+ 57. Kf6 Qe5+ 58. Kg6 Qg3+ 59. Kf6 Qh4+ 60. Ke6 Qe4+ 61. Kf6 Qe5+ 62. Kg6 Qg3+ 63. Kf6 Qh4+ 64. Ke6 Qc4+ 65. Ke7 Qf7+ 66. Kxd6 Qxf5 67. Nc7+ Kf7 68. Rxb7 Qf6+ 69. Ne6+ Kg6 70. Rb5 h5 71. Rxa5 h4 72. Ra3 Kf7 73. Rf3 h3 74. Kd7 h2 75. Ng5+ Kg6 76. Rxf6+ Kxf6 77. Ne4+ Kf5 78. Nf2 Kf4 79. a4 Kf3 80. Nh1 Kg2 81. a5 Kxh1 82. a6 Kg1 83. a7 h1Q 84. Kc7 Qa8 85. Kb6 Kf2 0-1